Plasterboard (Record no. 106644)
[ view plain ]
| 000 -LEADER | |
|---|---|
| fixed length control field | 00962cam a22002175a 4500 |
| 001 - CONTROL NUMBER | |
| control field | L137113 |
| 008 - FIXED-LENGTH DATA ELEMENTS--GENERAL INFORMATION | |
| fixed length control field | 070314s2007 xxkao f 000 0 eng d |
| 020 ## - INTERNATIONAL STANDARD BOOK NUMBER | |
| International Standard Book Number | 9781860819520 |
| 035 ## - SYSTEM CONTROL NUMBER | |
| System control number | (Sirsi) u137113 |
| 041 0# - LANGUAGE CODE | |
| Language code of text/sound track or separate title | eng |
| 050 04 - LIBRARY OF CONGRESS CALL NUMBER | |
| Classification number | 690.25 $2 18 |
| 110 2# - MAIN ENTRY--CORPORATE NAME | |
| Corporate name or jurisdiction name as entry element | Building Research Establishment |
| 245 00 - TITLE STATEMENT | |
| Title | Plasterboard |
| Remainder of title | types and their applications |
| 260 ## - PUBLICATION, DISTRIBUTION, ETC. | |
| Place of publication, distribution, etc. | Watford |
| Name of publisher, distributor, etc. | IHS BRE Press |
| Date of publication, distribution, etc. | 2007 |
| 300 ## - PHYSICAL DESCRIPTION | |
| Extent | 8p. |
| Other physical details | ill. |
| Dimensions | 30cm. |
| 490 #0 - SERIES STATEMENT | |
| Series statement | BRE Good Building Guide |
| Volume/sequential designation | 70(1) |
| 520 ## - SUMMARY, ETC. | |
| Summary, etc. | Describes the range of plasterboards available including standard wallboard, sound insulation board, impact resistant board, moisture-resistant board, fire-resistant board and thermal laminates. Also details where plasterboards may be used, with particular reference to the new European (EN) fire tests contained in the Building Regulations. |
| 651 #4 - SUBJECT ADDED ENTRY--GEOGRAPHIC NAME | |
| Geographic name | United Kingdom |
| Chronological subdivision | |
| 690 ## - LOCAL SUBJECT ADDED ENTRY--TOPICAL TERM (OCLC, RLIN) | |
| Topical term or geographic name as entry element | BUILT ENVIRONMENT-BUILDING MATERIALS-NON CEMENTITIOUS MATERIALS |
| 942 ## - ADDED ENTRY ELEMENTS (KOHA) | |
| Suppress in OPAC | 0 |
| Withdrawn status | Lost status | Source of classification or shelving scheme | Damaged status | Not for loan | Home library | Current library | Shelving location | Date acquired | Total Checkouts | Full call number | Barcode | Date last seen | Copy number | Price effective from | Koha item type |
|---|---|---|---|---|---|---|---|---|---|---|---|---|---|---|---|
| Dewey Decimal Classification | London | London | Boxed set | 21/08/2007 | BRE | 30071655 | 06/08/2019 | 1 | 06/08/2019 | Book |